000 00663nam a2200217Ia 4500
001 9715
003 GE_BSU
008 181216s||||||||xx |||||||||||||| ||und||
040 _cGE_BSU
100 _aნადირაძე,კოლაუ
245 _aცვარნი ციურნი
245 _bლექსები
245 _cრედ.ლეილა მესხი.მხატვ.ს.აჯიაშვილი
260 _aთბილისი
260 _bმერანი
260 _c1990
300 _a408გვ.21სმ.
653 _aლექსები
653 _aცვარნი ციურნი
942 _cBK
999 _c42998
_d42998